MDQL
is popping MORE tags! Check the
thread
!
Quizzes
Events
Quiz Creation
Community
Videos
Private Events
Remove Ads
Sign In
Join for FREE
Feedback
Dark Mode
Quiz Categories
Sports
Geography
Music
Movies
Television
Just For Fun
Miscellaneous
History
Literature
Language
Science
Gaming
Entertainment
Religion
Holiday
For Kids
Quiz Lab
Recent
Popular Today
Quiz Kudos Today
Editor Picks
Curator Picks
Quizzes by...
Day
Popularity
Type
Ratings
Length
Year
Community
Subscriptions
Recent Discussions
Orange Saloon
Badges
Playlists
Quests
Create
Leaderboards
Showdown
Live 5
Trivia Bingo
Activity
Puzzle Library
Sporcle Events
Private Events
Virtual Trivia
Globe League
Become a Host
Pub Owners
SporcleCon
Opinionation
Our Games
Videos
Blog
Mobile Apps
Partnerships
Remove Ads and Go Orange
Feedback
Sports
Athletes
MLB
NBA
NHL
NFL
Soccer
Sports Teams
WWE
NCAA
Football
Premier League
Basketball
Baseball
Hockey
Golf
Tennis
Cricket
Rugby
Auto Racing
Olympics
World Cup
Sports
Athletes
MLB
NBA
NHL
NFL
Soccer
Sports Teams
WWE
NCAA
Football
Premier League
Basketball
Baseball
Hockey
Golf
Tennis
Cricket
Rugby
Auto Racing
Olympics
World Cup
Random Quiz
Search Sporcle
×
Quiz Lab
Quiz Lab
Sports
Football
Type in answers that appear in a list
Type in answers that appear in a list
Classic
Best Score? Go Orange.
All-Time German Bundesliga table Stats
Name the clubs in the all-time German Bundesliga table
By
Michael9898
12m
52 Questions
206 Plays
206 Plays
206 Plays
Comments
Comments
Give Quiz Kudos
Give Quiz Kudos
-
- Ratings
hide this ad
Replay
Link that replays current quiz
Next Quiz
Link to next quiz in quiz playlist
You Got
0%
They Got
Avg Score
55%
Avg Friend Score
Upgrade to see
Score Distribution
Jump to the score distribution portion of the page
Score
0/52
Timer
12:00
0
Plays Today
Position
Club
% Correct
1
Bayern Munich
99.5%
5
Borussia Dortmund
98%
3
Hamburger SV
94.1%
7
FC Schalke 04
90.7%
4
Stuttgart
89.7%
13
Hertha Berlin
89.2%
11
Bayer Leverkusen
88.7%
2
Werder Bremen
88.2%
8
1.FC Koln
85.8%
21
Wolfsburg
83.8%
10
Eintracht Frankfurt
81.9%
6
Borussia Monchengladbach
78.4%
16
Hannover 96
77.5%
31
1899 Hoffenheim
76.5%
47
SC Fortuna Koln
76.5%
26
1.FSV Mainz 05
74.5%
9
1.FC Kaiserslautern
73.5%
51
VFB Leipzig
72.5%
18
Fortuna Dusseldorf
71.1%
23
Freiburg
68.1%
19
1860 Munich
67.6%
43
FC Augsburg
65.2%
12
VFL Bochum
62.3%
36
Dynamo Dresden
59.3%
25
Hansa Rostock
55.4%
22
Arminia Bielefeld
54.9%
Position
Club
% Correct
20
Eintracht Braunschweig
53.4%
14
1.FC Nuremberg
52.9%
15
MSV Duisburg
52.9%
30
FC St. Pauli
51.5%
50
Blau-Weiss 90 Berlin
49%
32
Energie Cottbus
48.5%
29
Rot-Weiss Essen
47.1%
44
SV Darmstadt
44.1%
33
Alemmania Aachen
42.2%
17
Karlsruher
41.7%
28
Kickers Offenbach
35.8%
46
SSV Ulm
35.8%
27
SV Waldhof Mannheim
35.3%
35
1.FC Saarbrucken
32.4%
24
KFC Uerdingen 05
31.9%
49
SpVgg Greuther Furth
31.4%
41
SpVgg Unterhaching
29.4%
42
Stuttgarter Kickers
29.4%
48
Preußen Munster
28.9%
45
Tennis Borussia Berlin
23.5%
34
Wattenscheid 09
20.6%
40
FC 08 Homburg
20.1%
37
Rot-Weiss Oberhausen
19.1%
39
Borussia Neunkirchen
12.7%
38
Wuppertaler SV
12.3%
52
Tasmania 1900 Berlin
4.9%
Quiz Playlist
Details
Report
Send in Message
Add To Playlist
Classic:
Type in answers that appear in a list
Quiz Source
Last Updated: Feb 16, 2017
Quiz Scoreboard
CHALLENGE
Sign Up to Join the Scoreboard
Show All
Scores
Hide
Comments
May contain spoilers
Recently Published
Find the 'City' Movie
by crazypaving
Movies
60s
5x2 Blitz: Bands
by SL_Kpop136
Music
30s
Colored Red Africa Blitz
by spor1
Geography
30s
More to Explore
Quiz From the Vault
Featured Blog Post
14 Easter Pick-up Lines to Find Eggs With
hide this ad
You Might Also Like...
Tags
Football Quiz
Soccer Quiz
Bayern Munich
Borussia Dortmund
bundesliga
Club Football
Football Clubs
Football Team
League Table
Today's Top Quizzes in Sports
Browse Sports
hide this ad
Today's Top Quizzes in Football
Browse Football
Top Contributed Quizzes in Sports
1
Les entraîneurs de l'OM et du PSG au 21e siècle
2
Les meilleurs buteurs des matchs entre le PSG et l’OM
3
Les joueurs passés par le PSG et l'OM
4
Players with Multiple 50 Home Run Seasons
5
2022 World Cup Stars
6
Criteria MLB: Left Handed Sluggers
7
NBA Logic Puzzle 2.0
8
MLB Players with Two .350 Batting Average Seasons
9
Top 10 NHL Goal Scorers of All Time
10
Les joueurs passés par le LOSC et le RC Lens
Explore More
Trending Topics
Anime
Disney
Marvel
Crossword
Harry Potter
Kpop
NBA
Soccer
Pokémon
Country
The Office
Song
Puzzle
WWE
NFL
hide this ad
More By:
Michael9898
Quiz
Plays
Rating
Category
Featured
Created
Player by Premier League club 15/16
3,160
4.50
Sports
Aug 11, 2015
Player by Premier League Club 17/18
2,425
3.33
Sports
Jan 1, 2018
Player by Premier League club 16/17
1,650
Sports
Aug 13, 2016
Top European Football League Teams 2017/18
1,364
4.00
Sports
Oct 27, 2017
Player by Premier League Club 18/19
1,002
Sports
Aug 10, 2018
Go to Creator's Profile
Score Distribution
Quiz Creator Spotlight
Michael9898
Follow
Send a Message
Quizzes Created
-
Created Quiz Play Count
-
More By This Creator
Popular Quizzes Today
1
Colored Red Africa Blitz
2
Find the 'City' Movie
3
Find the US States - No Outlines Minefield
4
5x2 Blitz: Bands
5
The Countries of the World
6
Find the US States
7
US States
8
Find the Countries of Europe - No Outlines Minefield
More Sports Quizzes
International Footballers: Acquire the Americans III
Quiz Lab
Trending Quizzes
Colored Red Europe Blitz I
Colored Red Europe Blitz II
Colored Red Africa Blitz II
Colored Red Europe Blitz III
Colored Red Africa Blitz III
Recently Updated
How Do You Spell That?
pecheneg
Godzilla Movies
pecheneg
Grab Bag: 4-10 Letters
pecheneg
2024 March Madness Bracket
pecheneg
Famous TV Couples
Peacemaker
Champions League XIs: Real Madrid
pecheneg
Largest US Cities 1790-2010
pecheneg
Rides in Walt Disney World
pecheneg
Most Oscar Losses (Acting)
pecheneg
Beyoncé Albums
pecheneg
Trending Topics
Disney
Anime
Harry Potter
Crossword
Marvel
NBA
Kpop
Pokémon
Song
Country
Soccer
NFL
Puzzle
WWE
The Office
Your Account Isn't Verified!
In order to create a playlist on Sporcle, you need to verify the email address you used during registration. Go to your
Sporcle Settings
to finish the process.
Report this User
Report this user for behavior that violates our
Community Guidelines
.
Details:
Send Report
Go to the Sporcle.com Mobile Site →
Comments